|
|
|
|
| LEADER |
01258nam a2200325 a 4500 |
| 001 |
3977 |
| 003 |
BD-DhAAL |
| 005 |
20150526110753.0 |
| 008 |
150526s1993 wiua b 001 0 eng |
| 010 |
|
|
|a 92070665
|
| 020 |
|
|
|a 0697105431
|
| 040 |
|
|
|a DLC
|c DLC
|d BD-DhAAL
|
| 050 |
0 |
0 |
|a BF371
|b .E525 1993
|
| 082 |
0 |
0 |
|a 153
|2 20
|
| 100 |
1 |
|
|a Ellis, Henry C.
|q (Henry Carlton),
|c 1927-
|9 11438
|
| 245 |
1 |
0 |
|a Fundamentals of cognitive psychology /
|c Henry C. Ellis, R. Reed Hunt.
|
| 250 |
|
|
|a 5th ed.
|
| 260 |
|
|
|a Madison, Wis. :
|b Brown & Benchmark,
|c c1993..
|
| 300 |
|
|
|a xxii, 409 p. :
|b ill. ;
|c 23 cm.
|
| 500 |
|
|
|a Rev. ed. of: Fundamentals of human memory and cognition. 4th ed. 1989.
|
| 504 |
|
|
|a Includes bibliographical references (p. 371-399) and indexes.
|
| 541 |
|
|
|e 3977
|
| 650 |
|
0 |
|a Memory.
|9 6341
|
| 650 |
|
0 |
|a Cognition.
|9 6340
|
| 650 |
|
0 |
|a Cognitive psychology.
|9 6343
|
| 700 |
1 |
|
|a Hunt, R. Reed.
|9 11439
|
| 700 |
1 |
|
|a Ellis, Henry C.
|q (Henry Carlton),
|d 1927-.
|t Fundamentals of human memory and cognition
|9 11440
|
| 942 |
|
|
|2 ddc
|c BK
|
| 999 |
|
|
|c 34524
|d 34524
|
| 952 |
|
|
|0 0
|1 0
|2 ddc
|4 0
|6 153_000000000000000_ELL
|7 0
|9 53904
|a SCL
|b SCL
|c GEN
|d 2015-05-26
|e Gift: The Asia Foundation
|l 2
|m 7
|o 153 ELL
|p 3020003977
|r 2024-02-18
|s 2024-02-07
|t 1
|w 2015-05-26
|y BK
|